000 00501nam a22001812 4500
001 0000007330
005 20151217160112.0
008 080109s xx 000 0 eng d
020 _a9966466681 :
_cKES 165
040 _aKABU
_cKABU
100 1 _aImbuga, Francis.
_@0000152262
245 1 0 _aKagai and her brothers /
_cFrancis Imbuga.
260 _aNairobi :
_bE. A. E. P.,
_c1995.
300 _a50 p.
908 _a080109
950 _@1
999 _c14274
_d14274